Biblioteca y Centro de Documentación

Factores de la evolución de la fecundidad en España en los últimos 30 años (Registro nro. 39893)

Detalles MARC
000 -CABECERA
Longitud fija campo de control 01113naa a2200313 c 4500
001 - NÚMERO DE CONTROL
Número de control 39893
003 - IDENTIFICADOR DE NÚMERO DE CONTROL
Identificador del número de control ES-MaCES
005 - FECHA Y HORA DE LA ÚLTIMA TRANSACCIÓN
Fecha y hora de la última transacción 20141221114157.0
008 - CAMPO FIJO DE DESCRIPCIÓN FIJA--INFORMACIÓN GENERAL
Códigos de información de longitud fija   100219n2009 sp d t 000 | spa d
035 ## - NÚMERO DE CONTROL DEL SISTEMA
Número de control del sistema CES20100002316v
040 ## - FUENTE DE CATALOGACIÓN
Centro catalogador de origen ES-MaCES
Lengua de catalogación spa
Centro transcriptor ES-MaCES
100 1# - ENCABEZAMIENTO PRINCIPAL--NOMBRE PERSONAL
Nombre de persona Devolder, Daniel
9 (RLIN) 10626
245 10 - MENCIÓN DE TÍTULO
Título Factores de la evolución de la fecundidad en España en los últimos 30 años
Mención de responsabilidad, etc. Daniel Devolder y Anna Cabré
500 ## - NOTA GENERAL
Nota general Resumen
650 #4 - ASIENTO SECUNDARIO DE MATERIA--TÉRMINO DE MATERIA
Término de materia o nombre geográfico como elemento inicial España
9 (RLIN) 26964
650 #4 - ASIENTO SECUNDARIO DE MATERIA--TÉRMINO DE MATERIA
Término de materia o nombre geográfico como elemento inicial datos estadísticos
9 (RLIN) 30765
650 #4 - ASIENTO SECUNDARIO DE MATERIA--TÉRMINO DE MATERIA
Término de materia o nombre geográfico como elemento inicial economía planificada
9 (RLIN) 27132
650 #4 - ASIENTO SECUNDARIO DE MATERIA--TÉRMINO DE MATERIA
Término de materia o nombre geográfico como elemento inicial planificación familiar
9 (RLIN) 28503
650 #4 - ASIENTO SECUNDARIO DE MATERIA--TÉRMINO DE MATERIA
Término de materia o nombre geográfico como elemento inicial dinámica poblacional
9 (RLIN) 28510
650 #4 - ASIENTO SECUNDARIO DE MATERIA--TÉRMINO DE MATERIA
Término de materia o nombre geográfico como elemento inicial tasa de natalidad
9 (RLIN) 28500
650 #4 - ASIENTO SECUNDARIO DE MATERIA--TÉRMINO DE MATERIA
Término de materia o nombre geográfico como elemento inicial maternidad
9 (RLIN) 29512
650 #4 - ASIENTO SECUNDARIO DE MATERIA--TÉRMINO DE MATERIA
Término de materia o nombre geográfico como elemento inicial fecundidad
9 (RLIN) 28504
653 10 - TÉRMINO DE INDEXACIÓN--NO CONTROLADO
Término no controlado Estadísticas demográficas-Población-Movimientos migratorios
700 1# - ENCABEZAMIENTO SECUNDARIO--NOMBRE PERSONAL
Nombre de persona Cabré Pla, Anna
9 (RLIN) 8619
773 0# - ENTRADA DE DOCUMENTO FUENTE
Título Panorama social
Parte(s) relacionada(s) n. 10 (2º sem. 2009){55/1043 R. 075972}; p. 23-39
Número de control del registro relacionado (ES-MaCES)25996
Itemnumber del ítem fuente 79059
902 ## - CES. TIPO DE DOCUMENTO
Tipodoc (006$c Sirtex) ART Artículo de revista
942 ## - ELEMENTOS KOHA
Fuente de clasificaión o esquema Clasificación propia del CES
Koha [por defecto] tipo de item Artículos (1982-2017)
Parte de clasificación 8.1.

No hay ítems disponibles.

© CES, Consejo Económico y Social de España 2021